000
00331 a2200157 4500
001
177623
020
_a
040
_c
Magnum
100
_a
Arrabal,jose
240
1
0
_a
Lendas brasileiras
_l
por
245
1
0
_a
Lendas brasileiras
362
0
_a
1899
440
1
_a
Paulinas
697
_a
MAGNITO: IJ/LENDAS, FOLCLORE
942
_c
BK
999
_c
177623
_d
177623